Welcome to the Holygrace Academy Library

Please use search bar below to get started

FATEST FINGER FIRST (Record no. 2063)

MARC details
000 -LEADER
fixed length control field 00292nam a22001337a 4500
020 ## - INTERNATIONAL STANDARD BOOK NUMBER
ISBN 81-7727-048-6
082 ## - DEWEY DECIMAL CLASSIFICATION NUMBER
Classification number 1920
Item number KUM/H
100 ## - MAIN ENTRY--AUTHOR NAME
Personal name KUMAR,P
245 ## - TITLE STATEMENT
Title FATEST FINGER FIRST
260 ## - PUBLICATION, DISTRIBUTION, ETC. (IMPRINT)
Place of publication DELHI
Name of publisher INDICA PUBLISHERS
300 ## - PHYSICAL DESCRIPTION
Number of Pages 258
650 ## - SUBJECT ADDED ENTRY--TOPICAL TERM
Topical Term GENERAL KNOWLEDGE
Geographic subdivision INDIA
942 ## - ADDED ENTRY ELEMENTS (KOHA)
Koha item type Books
Holdings
Withdrawn status Lost status Collection code Home library Current library Shelving location Date acquired Source of acquisition Full call number Accession Number Koha item type
    Reference Main Library Main Library SHELF 2-A SCIENCE IN OUR WORLD,FUNK7WAGNALLS ENCYCLO,,FIRST AID ,Y2K,MEDICAL 28/10/2019 PURCHASE 1920 KUM/H 11797 Books